Car models starting with N by pictures - Statistics

General Stats
  • This quiz has been taken 35 times
  • The average score is 5 of 10
Answer Stats
Picture Hint Answer % Correct
Honda NSX
85%
Chrysler Neon
59%
Chevrolet Nova
59%
Lada Niva
56%
Nissan Note
56%
Nissan Navara
52%
Lexus NX
52%
Daihatsu Naked
22%
Toyota Noah
19%
Daewoo/Chevrolet Nubira
11%
No matching quizzes found
Score Distribution
Percent of People with Each Score
Percentile by Number Answered
Your Score History
You have not taken this quiz